Т. 2; Медведь и Дракон

Detalles Bibliográficos
Parent link:Медведь и Дракон: роман/ Т. Клэнси. Т. 2.— , 2006.— 5-699-16614-9
Sumario:Китайскому дракону, растущему не по дням, а по часам, уже давно не хватало пищи — земля Поднебесной бедна природными ресурсами и не в силах удовлетворить потребности экономики. Коммунистические вожди КНР нашли выход из безнадежной ситуации — они решили поживиться за счет дряхлеющего русского медведя и захватить вновь открытые в Сибири гигантские месторождения нефти и золота. Казалось бы, победа неизбежна, но китайцы не учли весьма важный фактор. Соединенные Штаты Америки возглавлял молодой и деятельный президент Джон Патрик Райан, готовый ради торжества свободы и демократии во всем мире пойти на самые крайние меры...
Lenguaje:ruso
Publicado: 2006
Materias:
Formato: MixedMaterials Libro
KOHA link:https://koha.lib.tpu.ru/cgi-bin/koha/opac-detail.pl?biblionumber=179679

MARC

LEADER 00000nam2a2200000 4500
001 179679
005 20231031170508.0
010 |a 5699166130 
035 |a (RuTPU)RU\TPU\book\194779 
090 |a 179679 
100 |a 20100426d2006 m y0rusy50 ca 
101 1 |a rus  |c eng 
102 |a RU 
105 |a y z 000ay 
200 0 |a  Т. 2 
210 |d 2006 
215 |a 672 с. 
330 |a Китайскому дракону, растущему не по дням, а по часам, уже давно не хватало пищи — земля Поднебесной бедна природными ресурсами и не в силах удовлетворить потребности экономики. Коммунистические вожди КНР нашли выход из безнадежной ситуации — они решили поживиться за счет дряхлеющего русского медведя и захватить вновь открытые в Сибири гигантские месторождения нефти и золота. Казалось бы, победа неизбежна, но китайцы не учли весьма важный фактор. Соединенные Штаты Америки возглавлял молодой и деятельный президент Джон Патрик Райан, готовый ради торжества свободы и демократии во всем мире пойти на самые крайние меры... 
461 1 |0 (RuTPU)RU\TPU\book\194910  |y 5-699-16614-9  |t Медведь и Дракон  |o роман  |o пер. с англ.  |o в 2 т.  |f Т. Клэнси  |v  Т. 2  |d 2006 
610 1 |a американская литература 
610 1 |a романы 
610 1 |a боевики 
610 1 |a политический боевик 
675 |a 82  |v 3 
801 1 |a RU  |b 63413507  |c 20100426 
801 2 |a RU  |b 63413507  |c 20100511  |g RCR 
942 |c BK